Xác định hàm lượng kẽm bằng phương pháp quang phổ hấp thụ nguyên tử trong củ và ngọn cây khoai lang trắng được trồng tại một số nơi ở thành phố Đà Nẵng.

Tổng quan tài liệu: Kim loại nặng và dư lượng của nó trong môi trường. Các phương pháp xác định kẽm...Thực nghiệm. Kết quả và thảo luận

Wedi'i Gadw mewn:
Manylion Llyfryddiaeth
Prif Awdur: Tạ, Trúc Quỳnh (Tác giả)
Awduron Eraill: Nguyễn Thị Hường Th.S (Hướng dẫn)
Fformat: Llyfr
Iaith:Vietnamese
Cyhoeddwyd: Đà Nẵng Đại học Đà Nẵng 2010
Pynciau:
Tagiau: Ychwanegu Tag
Dim Tagiau, Byddwch y cyntaf i dagio'r cofnod hwn!
Thư viện lưu trữ: Mạng thư viện Đại học Đà Nẵng
LEADER 01601nam a2200361 4500
001 000012019
003 8303
005 20120215080236.0
008 120215s2010 viesd
041 |a vie 
072 |a Khóa luận tốt nghiệp 
082 |a 545.83  |b TA-Q 
100 |a Tạ, Trúc Quỳnh  |e Tác giả 
245 |a Xác định hàm lượng kẽm bằng phương pháp quang phổ hấp thụ nguyên tử trong củ và ngọn cây khoai lang trắng được trồng tại một số nơi ở thành phố Đà Nẵng.  |c Tạ Trúc Quỳnh 
260 |a Đà Nẵng  |b Đại học Đà Nẵng  |c 2010 
300 |a 67 tr.  |b Bảng, biểu, hình ảnh  |c 29 cm 
500 |a Khóa luận tốt nghiệp khoa Hóa. Lớp 06 CHH 
520 |a Tổng quan tài liệu: Kim loại nặng và dư lượng của nó trong môi trường. Các phương pháp xác định kẽm...Thực nghiệm. Kết quả và thảo luận 
653 |a Hàm lượng kẽm 
653 |a Quang phổ 
653 |a Hấp thụ 
653 |a Khoai lang trắng 
700 |a Nguyễn Thị Hường  |c Th.S  |e Hướng dẫn 
OWN |a LSP 
AVA |a UDN50  |b LSP  |d 545.83 TA-Q  |e available  |t Error 5001 Not defined in file expand_doc_bib_avail.  |f 1  |g 0  |h N  |i 0  |k 1 
999 |a From the UDN01 
AVA |a UDN50  |b LSP  |d 545.83 TA-Q  |e available  |t Error 5001 Not defined in file expand_doc_bib_avail.  |f 1  |g 0  |h N  |i 0  |k 1 
TYP |a Monograph 
TYP |a Printed language 
980 |a Mạng thư viện Đại học Đà Nẵng